Länder auf dem südlichen Wendekreis - Statistiken

Allgemein
  • Dieses Quiz wurde 80 mal gespielt
  • Das Durchschnittsergebnis liegt bei 9 aus 10
Antwortstatistiken
Land % Korrekt
Südafrika
97%
Argentinien
96%
Chile
96%
Australien
95%
Namibia
91%
Botsuana
88%
Brasilien
85%
Madagaskar
81%
Mosambik
78%
Paraguay
74%
Keine übereinstimmenden Quizze gefunden
Verteilung der Resultate
Anzahl Personen mit jedem Resultat
Perzentil nach korrekt beantworteten Fragen
Ihre Resultats-Entwicklung
Sie haben dieses Quiz noch nicht gespielt